Rainbow Logos #3 - Statistics

General Stats
  • This quiz has been taken 74 times
  • The average score is 13 of 26
Answer Stats
Picture Answer % Correct
Chick-Fil-A
89%
XBOX
89%
Cheetos
85%
Mountain Dew
85%
WhatsApp
81%
Hyundai
77%
BIC
69%
Acer
61%
Philadelphia Eagles
61%
Pittsburgh Penguins
58%
Air Canada
47%
New Jersey Devils
44%
Sacramento Kings
44%
Toronto Maple Leafs
42%
Pittsburgh Pirates
40%
Tampa Bay Lightning
37%
Wolverhampton Wanderers
35%
Philadelphia Flyers
34%
Ryanair
32%
Uniqlo
31%
Half-Life
23%
Air China
19%
Amtrak
19%
Gazprom
19%
Hull City
16%
Kaizer Chiefs
15%
No matching quizzes found
Score Distribution
Percent of People with Each Score
Percentile by Number Answered
Your Score History
You have not taken this quiz